Quedándonos atrás: progreso educativo en América Latina: I
Guardat en:
| Format: | Text |
|---|---|
| Matèries: | |
| Etiquetes: |
Afegir etiqueta
Sense etiquetes, Sigues el primer a etiquetar aquest registre!
|
MARC
| LEADER | 00000 a a2200000 04500 | ||
|---|---|---|---|
| 001 | 6570 | ||
| 003 | |||
| 040 | |||
| 245 | |a Quedándonos atrás: |b progreso educativo en América Latina: I | ||
| 650 | |a EDUCACION | ||
| 650 | |a ALFABETIZACION | ||
| 650 | |a NECESIDADES DE EDUCACION | ||
| 773 | |g volumen 22, número 997; páginas 8-9 | ||
| 999 | |c 26753 |d 26753 | ||
